11 Richest Countries in Africa Quiz Stats

 Plays Quiz Updated Jul 2, 2016

Challenge
Share
Tweet
Embed
Score 0/11 Timer 03:00
5 Plays Today
% Correct
South Africa
95.3%
Egypt
89.5%
Algeria
74.8%
Tunisia
72.2%
Seychelles
62.2%
Libya
56.8%
Mauritius
56.6%
Botswana
44.7%
Namibia
38.8%
Equatorial Guinea
38.6%
Gabon
29%

You're not logged in!

Compare scores with friends on all Sporcle quizzes.
OR
Log In

You Might Also Like...

Show Comments

Extras

Top Quizzes Today


Score Distribution

Your Account Isn't Verified!

In order to create a playlist on Sporcle, you need to verify the email address you used during registration. Go to your Sporcle Settings to finish the process.

Report this User

Report this user for behavior that violates our Community Guidelines.

Details: